[Event "Let's Play Chess!"]
[Site "http://www.queenalice.com/game.php?id=1773992"]
[Date "2021.11.6"]
[Round "-"]
[White "cadulima"]
[Black "igorjava"]
[Result "0-1"]
[WhiteElo "1198"]
[BlackElo "1952"]

1. e4 c5 2. Nf3 d6 3. d4 cxd4 4. Nxd4 Nf6 5. f3 Nc6 6. Nxc6 bxc6 7. Bg5 e6 8.
Nc3 h6 9. Bxf6 Qxf6 10. Qd3 Be7 11. O-O-O O-O 12. g3 e5 13. Ne2 Qe6 14. b3 a5
15. Nc3 Ba6 16. Qe3 Bd8 17. Qd2 Bc7 18. a4 Bxf1 19. Rdxf1 Rfd8 20. f4 f6 21. f5
Qf7 22. g4 d5 23. exd5 cxd5 24. Rd1 d4 25. Nb5 Bd6 26. h4 Be7 27. Rdg1 Bb4 28.
Qe2 Rac8 29. Qd3 Qd5 30. g5 e4 31. Qxd4 Qxd4 32. Nxd4 Rxd4 33. Rh3 fxg5 34. hxg5
Bd2+ 35. Kb1 Bxg5 36. Rf1 Rd2 37. Re1 Rcxc2 38. Rhh1 Rb2+ 39. Ka1 Rxb3 40. Rhf1
Bf6# 0-1

[Event "AUTO-OPEN-4321"]
[Site "http://www.queenalice.com/game.php?id=1774164"]
[Date "2021.11.7"]
[Round "1"]
[White "Castling"]
[Black "cadulima"]
[Result "0-1"]
[WhiteElo "1482"]
[BlackElo "1221"]

1. e4 e5 2. Bc4 Nf6 3. d3 Bc5 4. h3 d6 5. Bg5 h6 6. Bh4 c6 7. Nc3 Bb4 8. Qd2 Bd7
9. a3 g5 10. axb4 gxh4 11. Nf3 Nh5 12. O-O-O Qf6 13. b5 c5 14. Nd5 Qd8 15. Qc3
Nf6 16. Nd2 Be6 17. Nxf6+ Qxf6 18. Nf3 b6 19. Bd5 Bxd5 20. exd5 Nd7 21. Rhe1
O-O-O 22. Qa3 Kb7 23. Qa6+ Ka8 24. Re4 Rhg8 25. Nxh4 Qxf2 26. b3 f5 27. Nxf5
Qxf5 28. g4 Qf3 29. h4 Rxg4 30. Rxg4 Qxg4 31. c4 Qd4 32. Kc2 Qf2+ 33. Rd2 Qd4
34. Kb1 Qxh4 35. Ra2 Qe1+ 36. Kb2 Qd2+ 37. Ka1 Qc3+ 38. Rb2 Qa5+ 39. Qxa5 bxa5
40. Ra2 Nb6 41. Rxa5 Rc8 42. Ra6 h5 43. Ra2 h4 44. Rh2 Rh8 45. Rh3 Kb7 46. Kb2
Nd7 47. Kc3 a6 48. Rf3 h3 49. bxa6+ Kxa6 50. Rf1 h2 51. Rh1 Ka5 52. Kb2 Kb4 53.
Kc2 Nf6 0-1

[Event "AUTO-OPEN-4321"]
[Site "http://www.queenalice.com/game.php?id=1774165"]
[Date "2021.11.7"]
[Round "1"]
[White "cadulima"]
[Black "Castling"]
[Result "1-0"]
[WhiteElo "1172"]
[BlackElo "1554"]

1. e4 e5 2. Bc4 Nf6 3. d3 h6 4. Nc3 a6 5. Nd5 Nc6 6. Be3 Bb4+ 7. c3 Be7 8. Qf3
d6 9. Ne2 Bg4 10. Nxf6+ Bxf6 11. Qxg4 Qd7 12. Bxf7+ Qxf7 13. d4 exd4 14. Nxd4
Ne5 15. Qe6+ Kf8 16. O-O-O Re8 17. Qxf7+ Kxf7 18. f3 Rhf8 19. Nf5 Nc4 20. Rhe1
Nxe3 21. Rxe3 Bg5 22. Kd2 Bxe3+ 23. Kxe3 Re5 24. f4 Ree8 25. Kd4 Kg8 26. g4 c5+
27. Kd5 Rd8 28. Rf1 b5 29. Nxd6 c4 30. f5 Rf6 31. e5 Rf7 32. e6 Rf6 33. Kc6 Ra8
34. Ne4 Rff8 35. Nd6 g5 36. e7 Rac8+ 37. Nxc8 Rxc8+ 38. Kd7 Rf8 39. Re1 Rf7 40.
Kd8 Rf8+ 41. e8=Q Rxe8+ 42. Rxe8+ Kf7 43. Re7+ 1-0

[Event "AUTO-OPEN-4321"]
[Site "http://www.queenalice.com/game.php?id=1774176"]
[Date "2021.11.7"]
[Round "1"]
[White "cadulima"]
[Black "Givanildo"]
[Result "0-1"]
[WhiteElo "1224"]
[BlackElo "1552"]

1. Nf3 h6 2. Nc3 d6 3. d4 a6 4. e4 Bg4 5. h3 Bd7 6. Bd3 e5 7. d5 Nf6 8. Qe2 Be7
9. Be3 O-O 10. O-O-O Nh5 11. g3 Be8 12. g4 Nf4 13. Bxf4 exf4 14. e5 Nd7 15. Bf5
Nxe5 16. Nxe5 dxe5 17. Qxe5 b5 18. Qxf4 Bg5 19. Ne2 Bxf4+ 20. Nxf4 Qg5 21. Rd4
h5 22. Rg1 h4 23. Rf1 c5 24. Re4 b4 25. b3 g6 26. Rxe8 Qxf4+ 27. Re3 gxf5 28.
gxf5 Rfe8 29. Re1 Rxe3 30. Rxe3 Qxf2 31. Rd3 Re8 32. Rd2 Re1+ 33. Rd1 Qe3+ 0-1

[Event "AUTO-OPEN-4321"]
[Site "http://www.queenalice.com/game.php?id=1774177"]
[Date "2021.11.7"]
[Round "1"]
[White "Givanildo"]
[Black "cadulima"]
[Result "1-0"]
[WhiteElo "1563"]
[BlackElo "1174"]

1. d4 d5 2. Bf4 Nc6 3. e3 f6 4. Bb5 Bd7 5. Ne2 a6 6. Ba4 b5 7. Bb3 e6 8. O-O Bd6
9. Nd2 Qe7 10. a3 e5 11. Bg3 e4 12. Bxd5 Nh6 13. h3 Nf5 14. Bh2 Bxh2+ 15. Kxh2
Qd6+ 16. Nf4 g5 17. Nxe4 Qe7 18. Bb3 Qxe4 19. Bd5 Nxe3 20. fxe3 Qxe3 21. Qh5+
Ke7 22. Rae1 Qxe1 23. Rxe1+ Kd6 24. Qf3 Rae8 25. Ne6 Nxd4 26. Qxf6 Nxe6 27. Qe5+
Ke7 28. Bxe6 Bxe6 29. Qxe6+ Kd8 30. Rd1# 1-0

[Event "Melhor de 51? rsrsrs"]
[Site "http://www.queenalice.com/game.php?id=1775017"]
[Date "2021.11.17"]
[Round "-"]
[White "gutopa"]
[Black "cadulima"]
[Result "0-1"]
[WhiteElo "1500"]
[BlackElo "1196"]

1. e4 c5 2. Bc4 Nf6 3. d4 Nxe4 4. Qf3 d5 5. dxc5 e6 6. Bd3 Bxc5 7. Bxe4 dxe4 8.
Qxe4 Qf6 9. f3 Nc6 10. c3 e5 11. Nd2 Qf5 12. Qxf5 Bxf5 13. Ne2 Bd3 14. Ng3 O-O-O
15. Nb3 b6 16. Nxc5 bxc5 17. Be3 Rd5 18. Rd1 Rhd8 19. Kf2 Ne7 20. b4 c4 21. Bxa7
f5 22. Bc5 f4 23. Nh5 Nf5 24. a4 Bc2 25. Rxd5 Rxd5 26. a5 Rd2+ 27. Ke1 Rd1+ 28.
Ke2 Rxh1 29. h3 Ng3+ 30. Nxg3 Bd3+ 31. Kd2 fxg3 32. a6 Ra1 33. b5 Ra2+ 34. Ke3
Re2# 0-1

[Event "Let's Play Chess!"]
[Site "http://www.queenalice.com/game.php?id=1775391"]
[Date "2021.11.23"]
[Round "-"]
[White "cadulima"]
[Black "igorjava"]
[Result "0-1"]
[WhiteElo "1264"]
[BlackElo "1949"]

1. e4 c5 2. Nf3 d6 3. Nc3 Nf6 4. Bc4 Bg4 5. h3 Bh5 6. O-O e6 7. d4 cxd4 8. Qxd4
Bxf3 9. gxf3 Nc6 10. Qe3 Be7 11. Qg5 O-O 12. Qb5 Qc7 13. f4 a6 14. Qg5 Nxe4 15.
Qg4 Nxc3 16. bxc3 b5 17. Bd3 f5 18. Qe2 Rf6 19. c4 bxc4 20. Bxc4 d5 21. Bxa6 Nd4
22. Qe5 Qxe5 23. fxe5 Rg6+ 24. Kh1 Rxa6 25. c3 Nf3 26. Bb2 Nxe5 27. Rfd1 Rh6 28.
Kh2 Bd6 29. a4 Nc4+ 30. Kh1 Nxb2 31. Rd4 Rxh3+ 32. Kg2 Rxc3 33. Ra2 Nc4 34. f3
g5 35. Ra1 Rc2+ 36. Kg1 Be5 0-1

[Event "Challenge"]
[Site "http://www.queenalice.com/game.php?id=1775576"]
[Date "2021.11.24"]
[Round "-"]
[White "cadulima"]
[Black "rafassj4"]
[Result "0-1"]
[WhiteElo "1252"]
[BlackElo "1730"]

1. e4 e5 2. Nf3 Nc6 3. Bb5 Nf6 4. Nxe5 Nxe5 5. d4 Ng6 6. e5 Nd5 7. Bc4 c6 8.
Bxd5 cxd5 9. Nc3 Bb4 10. Bd2 Bxc3 11. Bxc3 O-O 12. g3 d6 13. Bb4 Qb6 14. Bxd6
Re8 15. Bc5 Qxb2 16. O-O Qc3 17. f4 Bf5 18. Rf2 b6 19. Bd6 Rac8 20. Rf3 Qxc2 21.
Rf2 Qxd1+ 22. Rxd1 Rc2 23. Rxc2 Bxc2 24. Rc1 Bf5 25. Rc7 a6 26. Rb7 b5 27. Ra7
Bc8 28. f5 Nf8 0-1

[Event "Challenge"]
[Site "http://www.queenalice.com/game.php?id=1776352"]
[Date "2021.12.6"]
[Round "-"]
[White "cadulima"]
[Black "gutopa"]
[Result "0-1"]
[WhiteElo "1244"]
[BlackElo "1488"]

1. e4 e5 2. d3 d5 3. Nf3 Bg4 4. c3 dxe4 5. dxe4 Qxd1+ 6. Kxd1 Nf6 7. Bd3 a6 8.
Bg5 Bxf3+ 9. gxf3 Be7 10. Bxf6 Bxf6 11. Nd2 Bh4 12. Rf1 O-O 13. f4 exf4 14. f3
Nc6 15. b3 Rad8 16. Kc2 Ne5 17. Rg1 Nxd3 18. Rg4 Bf6 19. Nb1 h5 20. Rg1 Nb4+ 21.
Kb2 Rd3 22. Ka3 Nc2+ 23. Kb2 Nxa1 24. Kxa1 Bxc3+ 25. Nxc3 Rxc3 26. Rf1 Rd8 27.
Kb2 Rcd3 0-1

[Event "AUTO-OPEN-4328"]
[Site "http://www.queenalice.com/game.php?id=1776589"]
[Date "2021.12.9"]
[Round "1"]
[White "avieytoa"]
[Black "cadulima"]
[Result "1-0"]
[WhiteElo "1847"]
[BlackElo "1246"]

1. e4 c5 2. Nc3 d6 3. Bc4 e5 4. Nf3 Nf6 5. Ng5 d5 6. exd5 Nxd5 7. Nxd5 f6 8.
Nxf6+ Qxf6 9. Qh5+ g6 10. Qh4 Nc6 11. Bf7+ Kd8 12. Ne6+ Ke7 13. Ng5 Qf4 14. Qxf4
exf4 15. Bd5 Bg7 16. O-O Bh6 17. Nf3 Bd7 18. d3 Na5 19. Bd2 Bc6 20. Bxc6 Nxc6
21. Rfe1+ Kd6 22. Re4 Rae8 23. Rae1 Ref8 24. c3 Rf5 25. a3 Rhf8 26. Nh4 R5f6 27.
b4 cxb4 28. axb4 1-0

[Event "AUTO-OPEN-4328"]
[Site "http://www.queenalice.com/game.php?id=1776590"]
[Date "2021.12.9"]
[Round "1"]
[White "cadulima"]
[Black "avieytoa"]
[Result "0-1"]
[WhiteElo "1244"]
[BlackElo "1849"]

1. e4 e5 2. d4 d6 3. d5 Nf6 4. Bd3 Bg4 5. f3 Bh5 6. Nc3 h6 7. Nge2 Nbd7 8. Be3
Nc5 9. Bxc5 dxc5 10. g4 Bg6 11. Qd2 a5 12. f4 Nxg4 13. f5 Qh4+ 14. Ng3 Bh7 15.
Bb5+ Kd8 16. O-O-O Be7 17. Be2 Bg5 18. Bxg4 Bxd2+ 19. Rxd2 Qxg4 20. d6 cxd6 21.
Nd1 Kd7 22. Ne3 Qg5 23. Nc4 Ra6 24. Rd1 b5 25. Na3 c4 26. Nxb5 Rb8 27. Nc3 a4
0-1

[Event "AUTO-OPEN-4328"]
[Site "http://www.queenalice.com/game.php?id=1776619"]
[Date "2021.12.9"]
[Round "1"]
[White "cadulima"]
[Black "Deo"]
[Result "0-1"]
[WhiteElo "1260"]
[BlackElo "2105"]

1. e4 e5 2. Bc4 Bc5 3. Nf3 Nc6 4. c3 d6 5. d4 exd4 6. Nxd4 Ne5 7. b3 Nxc4 8.
bxc4 Ne7 9. O-O O-O 10. Ba3 Bb6 11. Nd2 Bd7 12. N2b3 Ng6 13. c5 dxc5 14. Nxc5
Bxc5 15. Bxc5 Re8 16. Qf3 Ne5 17. Qh5 Bg4 18. Rfd1 Bxh5 19. Ne6 Qf6 20. Nxc7
Bxd1 0-1

[Event "AUTO-OPEN-4328"]
[Site "http://www.queenalice.com/game.php?id=1776620"]
[Date "2021.12.9"]
[Round "1"]
[White "Deo"]
[Black "cadulima"]
[Result "1-0"]
[WhiteElo "2106"]
[BlackElo "1258"]

1. e4 e5 2. Nf3 d6 3. Bc4 Nc6 4. c3 Nf6 5. d4 exd4 6. cxd4 Nxe4 7. Bd5 Nf6 8.
Bxc6+ bxc6 9. O-O d5 10. Re1+ Be6 11. Ng5 h6 12. Nxe6 fxe6 13. Rxe6+ Kf7 14.
Rxc6 a6 15. Bf4 Bd6 16. Bxd6 cxd6 17. Nc3 Qd7 18. Qa4 Qb7 19. b3 Rhc8 20. Rxc8
Qxc8 21. Qa5 Kg6 22. Nxd5 Nxd5 23. Qxd5 1-0

[Event "AUTO-INT-3722"]
[Site "http://www.queenalice.com/game.php?id=1776764"]
[Date "2021.12.10"]
[Round "1"]
[White "Erlofabr"]
[Black "cadulima"]
[Result "1-0"]
[WhiteElo "1677"]
[BlackElo "1254"]

1. f4 d5 2. c4 d4 3. d3 f6 4. c5 e5 5. b4 Bf5 6. h3 b6 7. Qa4+ Bd7 8. b5 bxc5 9.
Na3 a6 10. Nf3 Bxb5 11. Nxb5 c6 12. Na3 Bd6 13. g3 Ne7 14. e3 Nf5 15. Bg2 O-O
16. e4 Nxg3 17. Qc4+ Rf7 18. Rg1 g6 19. h4 Nxe4 20. Bh3 Qa5+ 21. Ke2 1-0

[Event "AUTO-INT-3722"]
[Site "http://www.queenalice.com/game.php?id=1776765"]
[Date "2021.12.10"]
[Round "1"]
[White "cadulima"]
[Black "Erlofabr"]
[Result "0-1"]
[WhiteElo "1256"]
[BlackElo "1675"]

1. e4 c5 2. Nf3 f5 3. e5 Nc6 4. Bc4 e6 5. d4 d6 6. dxc5 d5 7. Bd3 Qa5+ 8. c3
Bxc5 9. O-O h6 10. b4 Bxf2+ 11. Rxf2 Qb6 12. a4 d4 13. Nxd4 Nxe5 14. Bb5+ Bd7
15. Bxd7+ Kxd7 16. a5 Qd6 17. Bf4 Qd5 18. Bxe5 Qxe5 19. Qe2 Qd5 20. Nd2 Nf6 21.
Qxe6+ Qxe6 0-1

[Event "AUTO-INT-3722"]
[Site "http://www.queenalice.com/game.php?id=1776778"]
[Date "2021.12.10"]
[Round "1"]
[White "cadulima"]
[Black "SGF"]
[Result "0-1"]
[WhiteElo "1266"]
[BlackElo "1643"]

1. d4 d5 2. g3 e6 3. Bg2 Bb4+ 4. c3 Ba5 5. Qd3 Qf6 6. b4 Bb6 7. Bf4 Nc6 8. Nf3
h5 9. Ne5 Nge7 10. Nxc6 Nxc6 11. O-O h4 12. Qe3 Nxd4 13. Qd3 hxg3 14. cxd4 Qxf4
15. Qxg3 Qxd4 16. Na3 c6 17. Qd6 Bd7 18. Rad1 Qh4 19. e3 Rc8 20. Nc2 Bc7 0-1

[Event "AUTO-INT-3722"]
[Site "http://www.queenalice.com/game.php?id=1776779"]
[Date "2021.12.10"]
[Round "1"]
[White "SGF"]
[Black "cadulima"]
[Result "1-0"]
[WhiteElo "1675"]
[BlackElo "1262"]

1. e4 e5 2. Qf3 d6 3. Bc4 Nf6 4. d3 Bg4 5. Qg3 h6 6. Qh4 h5 7. Bg5 Nbd7 8. f3
Be6 9. Nd2 Be7 10. a3 d5 11. exd5 Nxd5 12. Bxe7 Qxe7 13. Qxe7+ Kxe7 14. Ne4 Ne3
15. Bxe6 Kxe6 16. Kd2 Nxg2 17. Ng5+ Ke7 18. Ne2 f6 19. Ne4 Rad8 20. Rhg1 f5 21.
N4c3 Nh4 22. Rxg7+ Kf6 23. Rg3 Ng6 24. Nd5+ Kg7 25. Ne7 Rh6 26. Nxf5+ Kh8 27.
Nxh6 1-0

[Event "AUTO-INT-3722"]
[Site "http://www.queenalice.com/game.php?id=1776780"]
[Date "2021.12.10"]
[Round "1"]
[White "cadulima"]
[Black "mvson33"]
[Result "0-1"]
[WhiteElo "1248"]
[BlackElo "1807"]

1. e4 d5 2. e5 Bf5 3. d4 e6 4. Bd3 Bxd3 5. Qxd3 Nc6 6. a3 Qd7 7. Nf3 O-O-O 8.
Bf4 Nge7 9. Nbd2 Ng6 10. Qe3 Nxf4 11. Qxf4 h6 12. O-O-O g5 13. Qe3 Bg7 14. g4
Ne7 15. Nb3 Nc6 16. Nc5 Qe7 17. h4 f6 18. Qc3 fxe5 19. Nxe5 Nxe5 20. Qb3 b6 21.
Na6 Nc6 22. Nb4 Nxb4 23. c3 Nc6 24. Qa4 Kb7 25. b4 e5 26. hxg5 hxg5 27. dxe5
Qxe5 0-1

[Event "AUTO-INT-3722"]
[Site "http://www.queenalice.com/game.php?id=1776781"]
[Date "2021.12.10"]
[Round "1"]
[White "mvson33"]
[Black "cadulima"]
[Result "1-0"]
[WhiteElo "1805"]
[BlackElo "1250"]

1. e4 e5 2. Nf3 f6 3. Bc4 Bc5 4. d4 exd4 5. Nxd4 Bxd4 6. Qxd4 d6 7. Qd5 Qe7 8.
O-O Be6 9. Qxe6 Qxe6 10. Bxe6 Ne7 11. Nc3 Nd7 12. Nb5 O-O-O 13. Nxa7+ Kb8 14.
Nb5 c6 15. Nxd6 Nc5 16. Bf4 Nxe6 17. Nf7+ Nxf4 18. Nxh8 Rxh8 19. Rad1 f5 20.
exf5 Nxf5 21. Rd7 Ne2+ 22. Kh1 Re8 23. Rfd1 Kc8 24. g4 Nfd4 25. c3 Nf3 26. Kg2
Nh4+ 27. Kh3 Nf3 28. Kg2 Nh4+ 29. Kf1 1-0

[Event "AUTO-BEG-678"]
[Site "http://www.queenalice.com/game.php?id=1777161"]
[Date "2021.12.14"]
[Round "1"]
[White "Givanildo"]
[Black "cadulima"]
[Result "1-0"]
[WhiteElo "1657"]
[BlackElo "1242"]

1. d4 d5 2. Bf4 Nc6 3. e3 Bf5 4. Bb5 Qd7 5. Ne2 a6 6. Bxc6 Qxc6 7. O-O Bxc2 8.
Qc1 Be4 9. Nbc3 Nf6 10. Nxe4 Qxc1 11. Raxc1 c6 12. Nxf6+ exf6 13. a3 g5 14. Bc7
Bh6 15. g4 1-0

[Event "AUTO-BEG-678"]
[Site "http://www.queenalice.com/game.php?id=1777162"]
[Date "2021.12.14"]
[Round "1"]
[White "cadulima"]
[Black "Givanildo"]
[Result "0-1"]
[WhiteElo "1240"]
[BlackElo "1659"]

1. e4 d5 2. e5 Bf5 3. d4 e6 4. Bd3 Bxd3 5. Qxd3 a6 6. Nf3 h6 7. b3 Nc6 8. Be3
Nb4 9. Qe2 Be7 10. h3 Qd7 11. O-O O-O-O 12. c4 a5 13. a3 Nc6 0-1